Представление документа в формате RUSMARC

ПолеНазваниеЗначение
  Тип записи a
  Библиографический уровень m
001 Контрольный номер RU/IS/BASE/529143968
005 Дата корректировки 20240209174653.0
010 Индекс ISBN __
a ISBN
b Уточнения в пер.
d Цена 3 р. 00 к.
9 Тираж экз.
100 Данные общей обработки __
a Данные общей обработки 20161007d2016 ||| 0rusy0189 ca
101 Язык документа 0_
a Язык текста rus
102 Страна публикации __
a Страна публикации RU
105 Кодированные данные (монография) __
a Кодированные данные (монография) y###||||000|y
200 Заглавие и сведения об ответственности 1_
a Заглавие Давид Ливингстон: Жизнь исследователя Африки
b Общее обозначение материала Текст
f Первые сведения об ответственности Г. Вотте
210 Выходные данные 1_
a Место издания Москва
c Издательство Мысль
d Дата издания 1976
215 Физическое описание __
a Объем 280 с.
c Иллюстрации/тип воспроизводства ил.,
d Формат см.
300 Общие примечания __
a Общие примечания Ограничения по возрасту - 12+
300 Общие примечания __
a Общие примечания Под инв. номером 91950: 15-1
606 Тематические рубрики 0_
a Основная рубрика Ливингстон, Давид (1813-1873)
y Географическая подрубрика Африка
610 Ключевые слова 0_
a Ключевые слова путешественники
a Ключевые слова географы
a Ключевые слова биографии
a Ключевые слова исследователи
a Ключевые слова открытия географические
686 Индексы других классификаций __
a Классификационный индекс 26.8г
2 Код системы ББК
700 Автор _0
a Фамилия Вотте
b Имя (инициалы) Герберт
g Полное личное имя Г.
801 Источник записи _0
a Страна RU
b Организация МБУК ЦБС
c Дата составления 20161007
g Правила каталогизации RCR
801 Источник записи _1
a Страна RU
b Организация МБУК ЦБС г. Ульяновска
c Дата составления 20161007
g Правила каталогизации RCR
899 Данные о местонахождении __
i Авторский знак В 79
j Расстановочный фильтр 26.8
901 Тип документа __
t Тип документа m
910 Корректоры записи __
a Корректор записи Скрипина